Les Pokémon sans évolutions - Statistiques

Statistiques générales
  • Ce quiz a été pris 1 159 fois
    774 depuis la dernière actualisation
  • Le résultat moyen est 37 sur 87
Statistiques - réponses
Hint Réponse % Correct
Génération I Tauros
79%
Génération I Lokhlass
71%
Génération I Kangourex
69%
Génération I Ptéra
69%
Génération I Scarabrute
69%
Génération I Canarticho
65%
Génération I Métamorph
64%
Génération III Négapi
63%
Génération IV Pachirisu
63%
Génération III Posipi
63%
Génération II Insolourdo
59%
Génération II Scarhino
58%
Génération II Ecrémeuh
57%
Génération VI Dedenne
55%
Génération V Emolga
55%
Génération III Absol
52%
Génération III Ténéfix
52%
Génération III Tropius
52%
Génération II Airmure
49%
Génération II Cerfrousse
49%
Génération III Lovdisc
49%
Génération III Mysdibule
49%
Génération II Queulorior
49%
Génération III Séviper
49%
Génération III Mangriff
48%
Génération III Relicanth
48%
Génération IV Spiritomb
48%
Génération II Zarbi
48%
Génération V Drakkarmin
47%
Génération VII Togedemaru
47%
Génération III Séléroc
46%
Génération III Solaroc
46%
Génération V Fermite
45%
Génération III Kecléon
45%
Génération V Nanméouïe
45%
Génération V Aflamanoir
44%
Génération V Frison
44%
Génération IV Pijako
44%
Génération II Qwilfish
44%
Génération II Girafarig
43%
Génération III Morphéo
43%
Génération II Corayon
42%
Génération V Hexagel
42%
Génération IV Motisma
42%
Génération IV Vortente
42%
Génération II Caratroc
41%
Génération III Lumivole
41%
Génération VII Mimiqui
41%
Génération VI Trousselin
41%
Génération VI Brutalibré
40%
Génération V Judokrak
40%
Génération V Karaclée
40%
Génération III Muciole
40%
Génération V Bargantua
39%
Génération II Cadoizo
39%
Génération III Chartor
39%
Génération VII Draïeul
39%
Génération V Maracachi
39%
Génération VII Boumata
38%
Génération III Spinda
38%
Génération V Mamanbo
37%
Génération VIII Morpeko
37%
Génération V Limonde
36%
Génération VI Couafarel
35%
Génération V Cryptéro
35%
Génération VI Strassie
34%
Génération VII Denticrisse
32%
Génération VII Sinistrail
32%
Génération VII Froussardine
30%
Génération VII Gouroutan
30%
Génération VII Quartermac
28%
Génération VIII Hydragon
27%
Génération VIII Dolman
26%
Génération VII Météno
26%
Génération VII Plumeline
26%
Génération VIII Bekaglaçon
25%
Génération VII Concombaffe
25%
Génération VIII Duralugon
24%
Génération VIII Hydragla
24%
Génération VIII Galvagla
23%
Génération VIII Galvagon
23%
Génération VII Guérilande
23%
Génération VIII Hexadron
22%
Génération VII Dodoala
21%
Génération VIII Wimessir
21%
Génération VIII Wattapik
20%
Génération VIII Nigosier
16%
Aucun quiz correspondant
Distribution des résultats
% des personnes avec chaque résultat
Percentile par nombre de réponses
Votre historique - résultats
Vous n’avez pas pris ce quiz depuis la dernière actualisation